书目信息 |
| 题名: |
地理信息系统基础
|
|
| 作者: | 刘大伟 主编 | |
| 分册: | ||
| 出版信息: | 西安 西北工业大学出版社 2024.08 |
|
| 页数: | 161页 | |
| 开本: | 26cm | |
| 丛书名: | ||
| 单 册: | ||
| 中图分类: | P208 | |
| 科图分类: | ||
| 主题词: | 地理信息系统--di li xin xi xi tong--高等学校--教材 | |
| 电子资源: | ||
| ISBN: | 978-7-5612-9433-8 | |
| 000 | 00885nam0 2200253 450 | |
| 001 | 95033 | |
| 005 | 20250901171125.10 | |
| 010 | @a978-7-5612-9433-8@dCNY49.00 | |
| 100 | @a20250315d2024 em y0chiy50 ea | |
| 101 | 0 | @achi |
| 102 | @aCN@b610000 | |
| 105 | @aa a 000yy | |
| 106 | @ar | |
| 200 | 1 | @a地理信息系统基础@Adi li xin xi xi tong ji chu@f主编刘大伟 |
| 210 | @a西安@c西北工业大学出版社@d2024.08 | |
| 215 | @a161页@c图@d26cm | |
| 320 | @a有书目 (第160-161页) | |
| 330 | @a本书共9章, 具体内容包括绪论、空间信息基础、空间数据模型、空间数据结构、空间数据的组织与管理、空间数据的采集与处理、GIS基本空间分析、DEM与数字地形分析、地理信息可视化等。 | |
| 333 | @a高等学校教材 | |
| 606 | 0 | @a地理信息系统@Adi li xin xi xi tong@x高等学校@j教材 |
| 690 | @aP208@v5 | |
| 701 | 0 | @a刘大伟@Aliu da wei@4主编 |
| 801 | 0 | @aCN@c20250909 |
| 905 | @a河南城建学院图书馆@dP208@eL607@f1 | |
| 地理信息系统基础/主编刘大伟.-西安:西北工业大学出版社,2024.08 |
| 161页:图;26cm |
| 使用对象:高等学校教材 |
| ISBN 978-7-5612-9433-8:CNY49.00 |
| 本书共9章, 具体内容包括绪论、空间信息基础、空间数据模型、空间数据结构、空间数据的组织与管理、空间数据的采集与处理、GIS基本空间分析、DEM与数字地形分析、地理信息可视化等。 |
| ● |
| 相关链接 |
|
|
|
正题名:地理信息系统基础
索取号:P208/L607
 
预约/预借
| 序号 | 登录号 | 条形码 | 馆藏地/架位号 | 状态 | 备注 |
| 1 | 1629091 | 216290911 | 自科库401/401自科库 115排2列3层/ [索取号:P208/L607] | 在馆 |